Regulačná politika v Slovenskej republike v najbližšom období
Sieťové odvetvia v ekonomike Slovenskej republiky a ich charakteristika. Hlavné identifikačné faktory sieťových odvetví. Základné rámce regulačnej politky v SR na obdobie rokov 2012-2016.
Salvato in:
| Autore principale: | |
|---|---|
| Natura: | Capitolo di libro |
| Lingua: | slovacco |
| Soggetti: | |
| Tags: |
Nessun Tag, puoi essere il primo ad aggiungerne!!
|
MARC
| LEADER | 00000nla a2200000 4500 | ||
|---|---|---|---|
| 001 | 0164064 | ||
| 005 | 20240502072845.4 | ||
| 041 | 0 | |a slo | |
| 044 | |a SK | ||
| 245 | 1 | 0 | |a Regulačná politika v Slovenskej republike v najbližšom období |c Mária Tokárová |
| 520 | |a Sieťové odvetvia v ekonomike Slovenskej republiky a ich charakteristika. Hlavné identifikačné faktory sieťových odvetví. Základné rámce regulačnej politky v SR na obdobie rokov 2012-2016. | ||
| 610 | 2 | 0 | |a odvetvia sieťové |
| 610 | 2 | 0 | |a regulácia |
| 610 | 2 | 0 | |a politika hospodárska |
| 610 | 2 | 0 | |a plyn |
| 610 | 2 | 0 | |a energia tepelná |
| 610 | 2 | 0 | |a vodohospodárstvo |
| 610 | 2 | 0 | |a Slovensko |
| 100 | 1 | |a Tokárová, Mária | |